Zwycięzcy Pucharu Polski 1926-2025 - Statystyki

Ogólne statystyki
  • Ten quiz został rozwiązany 13 290 razy
    8 756 od ostatniego zresetowania
  • Średni wynik to 55 z 70
Statystyki odpowiedzi
Sezon Klub Który Tytuł % Poprawnych
1963/1964 Legia Warszawa 3
100%
1965/1966 Legia Warszawa 4
100%
1972/1973 Legia Warszawa 5
100%
1979/1980 Legia Warszawa 6
100%
1980/1981 Legia Warszawa 7
100%
1988/1989 Legia Warszawa 8
100%
1989/1990 Legia Warszawa 9
100%
1993/1994 Legia Warszawa 10
100%
1994/1995 Legia Warszawa 11
100%
1996/1997 Legia Warszawa 12
100%
2007/2008 Legia Warszawa 13
100%
2010/2011 Legia Warszawa 14
100%
2011/2012 Legia Warszawa 15
100%
2012/2013 Legia Warszawa 16
100%
2014/2015 Legia Warszawa 17
100%
2015/2016 Legia Warszawa 18
100%
2017/2018 Legia Warszawa 19
100%
2022/2023 Legia Warszawa 20
100%
2024/2025 Legia Warszawa 21
100%
1954/1955 Legia Warszawa (CWKS Warszawa) 1
100%
1955/1956 Legia Warszawa (CWKS Warszawa) 2
100%
1981/1982 Lech Poznań 1
97%
1983/1984 Lech Poznań 2
97%
1987/1988 Lech Poznań 3
97%
2003/2004 Lech Poznań 4
97%
2008/2009 Lech Poznań 5
97%
1925/1926 Wisła Kraków 1
93%
1966/1967 Wisła Kraków 2
93%
2001/2002 Wisła Kraków 3
93%
2002/2003 Wisła Kraków 4
93%
2023/2024 Wisła Kraków 5
93%
2019/2020 Cracovia 1
84%
1982/1983 Lechia Gdańsk 1
84%
2018/2019 Lechia Gdańsk 2
84%
2020/2021 Raków Częstochowa 1
84%
2021/2022 Raków Częstochowa 2
84%
1978/1979 Arka Gdynia 1
82%
2016/2017 Arka Gdynia 2
82%
2009/2010 Jagiellonia Białystok 1
80%
1964/1965 Górnik Zabrze 1
79%
1967/1968 Górnik Zabrze 2
79%
1968/1969 Górnik Zabrze 3
79%
1969/1970 Górnik Zabrze 4
79%
1970/1971 Górnik Zabrze 5
79%
1971/1972 Górnik Zabrze 6
79%
1975/1976 Śląsk Wrocław 1
78%
1986/1987 Śląsk Wrocław 2
78%
2000/2001 Polonia Warszawa 2
76%
1952 Polonia Warszawa (Kolejarz Warszawa) 1
76%
1973/1974 Ruch Chorzów 2
76%
1995/1996 Ruch Chorzów 3
76%
1950/1951 Ruch Chorzów (Unia Chorzów) 1
76%
1984/1985 Widzew Łódź 1
72%
1956/1957 ŁKS Łódź 1
66%
1985/1986 GKS Katowice 1
64%
1990/1991 GKS Katowice 2
64%
1992/1993 GKS Katowice 3
64%
2013/2014 Zawisza Bydgoszcz 1
53%
1997/1998 Amica Wronki 1
47%
1998/1999 Amica Wronki 2
47%
1999/2000 Amica Wronki 3
47%
2005/2006 Wisła Płock 1
47%
1961/1962 Zagłębie Sosnowiec 1
39%
1962/1963 Zagłębie Sosnowiec 2
39%
1976/1977 Zagłębie Sosnowiec 3
39%
1977/1978 Zagłębie Sosnowiec 4
39%
1974/1975 Stal Rzeszów 1
32%
1991/1992 Miedź Legnica 1
28%
2006/2007 Dyskobolia Grodzisk Wielkopolski 1
20%
1953/1954 Gwardia Warszawa 1
15%
Nie znaleziono quizów pasujących do podanych kryteriów
Rozkład punktacji
Procent ludzi z każdym wynikiem
Percentyl według liczby udzielonych odpowiedzi
Twoja historia wyników
Nie rozwiązałeś tego quizu od ostatniego zresetowania